000 00417nam a2200157Ia 4500
008 230711s9999||||xx |||||||||||||| ||und||
041 _aENG
082 _a624
_bRI-S
100 _aHoffman,Edward S
245 0 _aStructural design guide to the aci building code
250 _a3rd . Ed.
260 _c1985
_aNew Delhi
_bVan Nostrand Reinhold Co.
650 _aArchitecture
700 _aGustafson,David P
942 _cBK
999 _c3523
_d3523